Delhi (Record no. 47155)
[ view plain ]
| 000 -LEADER | |
|---|---|
| fixed length control field | 00421nam a2200145Ia 4500 |
| 008 - FIXED-LENGTH DATA ELEMENTS--GENERAL INFORMATION | |
| fixed length control field | 211109s9999||||xx |||||||||||||| ||und|| |
| 082 ## - DEWEY DECIMAL CLASSIFICATION NUMBER | |
| Classification number | 894.8123 |
| Item number | MUK-D |
| 100 ## - MAIN ENTRY--PERSONAL NAME | |
| Personal name | Mukundan, M |
| 245 #0 - TITLE STATEMENT | |
| Title | Delhi |
| 260 ## - PUBLICATION, DISTRIBUTION, ETC. | |
| Name of publisher, distributor, etc. | Media World Communications |
| Place of publication, distribution, etc. | Chry No 206 |
| Date of publication, distribution, etc. | 1969 |
| 300 ## - PHYSICAL DESCRIPTION | |
| Extent | 202p. |
| 630 ## - SUBJECT ADDED ENTRY--UNIFORM TITLE | |
| General subdivision | GENERAL STACK |
| 650 ## - SUBJECT ADDED ENTRY--TOPICAL TERM | |
| Topical term or geographic name entry element | Malayalam Literature |
| 942 ## - ADDED ENTRY ELEMENTS (KOHA) | |
| Koha item type | BOOK |
| 650 ## - SUBJECT ADDED ENTRY--TOPICAL TERM | |
| Form subdivision | Malayalam Fiction |
| General subdivision | Malayalam NovelsShort StoriesMalayalam |
| Withdrawn status | Lost status | Damaged status | Not for loan | Home library | Current library | Date acquired | Cost, normal purchase price | Total Checkouts | Full call number | Barcode | Shelving location | Date last seen | Date last checked out | Price effective from | Koha item type |
|---|---|---|---|---|---|---|---|---|---|---|---|---|---|---|---|
| SB LIBRARY | SB LIBRARY | 09/11/2021 | 100.00 | 1 | 894.8123 MUK-D | 00089203 | GENERAL STACK | 08/08/2022 | 27/07/2022 | 09/11/2021 | BOOK |